WWE / NXT Wargames Participants - Statistics

General Stats
  • This quiz has been taken 18 times
  • The average score is 44 of 77
Answer Stats
Event Answer % Correct
Survivor Series: Wargames 2022 Jey Uso
94%
Survivor Series: Wargames 2022 Jimmy Uso
94%
Survivor Series: Wargames 2022 Roman Reigns
94%
NXT Takeover: Wargames 2017 Adam Cole
88%
NXT Takeover: Wargames 2019 Io Shirai
88%
NXT Takeover: Wargames 2019 Kevin Owens
88%
NXT Takeover: Wargames 2019 Rhea Ripley
88%
Survivor Series: Wargames 2022 Asuka
81%
Survivor Series: Wargames 2024 CM Punk
81%
Survivor Series: Wargames 2023 Cody Rhodes
81%
NXT Takeover: Wargames 2019 Dakota Kai
81%
Survivor Series: Wargames 2023 Finn Balor
81%
Survivor Series: Wargames 2023 Randy Orton
81%
Survivor Series: Wargames 2023 Seth Rollins
81%
Survivor Series: Wargames 2022 Solo Sikoa
81%
NXT Takeover: Wargames 2017 Bobby Fish
75%
Survivor Series: Wargames 2023 Damian Priest
75%
Survivor Series: Wargames 2023 Dominik Mysterio
75%
Survivor Series: Wargames 2023 Kairi Sane
75%
NXT Takeover: Wargames 2017 Kyle O'Reilly
75%
NXT Takeover: Wargames 2017 Roderick Strong
75%
Survivor Series: Wargames 2022 Sami Zayn
75%
Survivor Series: Wargames 2022 Becky Lynch
69%
Survivor Series: Wargames 2022 Drew Mcintyre
69%
NXT Takeover: Wargames 2019 Tommaso Ciampa
69%
Survivor Series: Wargames 2025 AJ Lee
63%
Survivor Series: Wargames 2022 Alexa Bliss
63%
Survivor Series: Wargames 2022 Bayley
63%
NXT Takeover: Wargames 2019 Keith Lee
63%
NXT Takeover: Wargames 2018 Pete Dunne
63%
Survivor Series: Wargames 2022 Sheamus
63%
NXT Takeover: Wargames 2019 Bianca Belair
56%
NXT Takeover: Wargames 2021 Bron Breakker
56%
Survivor Series: Wargames 2024 Bronson Reed
56%
NXT Takeover: Wargames 2019 Candice LeRae
56%
Survivor Series: Wargames 2023 Charlotte Flair
56%
Survivor Series: Wargames 2024 Jacob Fatu
56%
Survivor Series: Wargames 2023 JD McDonagh
56%
Survivor Series: Wargames 2024 Tama Tonga
56%
Survivor Series: Wargames 2024 Tiffany Stratton
56%
Survivor Series: Wargames 2024 Tonga Loa
56%
Survivor Series: Wargames 2025 Brock Lesnar
50%
NXT Takeover: Wargames 2018 Hanson
50%
Survivor Series: Wargames 2025 Logan Paul
50%
Survivor Series: Wargames 2024 Nia Jax
50%
NXT Takeover: Wargames 2020 Raquel Gonzalez
50%
NXT Takeover: Wargames 2018 Ricochet
50%
Survivor Series: Wargames 2022 Ridge Holland
50%
NXT Takeover: Wargames 2018 Rowe
50%
NXT Takeover: Wargames 2020 Shotzi Blackheart
50%
NXT Takeover: Wargames 2021 Gigi Dolin
44%
Survivor Series: Wargames 2025 Lash Legend
44%
Survivor Series: Wargames 2024 Naomi
44%
Survivor Series: Wargames 2022 Nikki Cross
44%
NXT Takeover: Wargames 2020 Pat McAfee
44%
NXT Takeover: Wargames 2017 Akam
38%
NXT Takeover: Wargames 2017 Alexander Wolfe
38%
NXT Takeover: Wargames 2021 Carmelo Hayes
38%
NXT Takeover: Wargames 2019 Dominic Dijakovic
38%
NXT Takeover: Wargames 2020 Ember Moon
38%
NXT Takeover: Wargames 2017 Eric Young
38%
NXT Takeover: Wargames 2021 Grayson Waller
38%
NXT Takeover: Wargames 2021 Jace Jayne
38%
NXT Takeover: Wargames 2019 Kay Lee Ray
38%
NXT Takeover: Wargames 2017 Killian Dane
38%
Survivor Series: Wargames 2024 Liv Morgan
38%
NXT Takeover: Wargames 2021 Mandy Rose
38%
Survivor Series: Wargames 2022 Mia Yim
38%
NXT Takeover: Wargames 2020 Oney Lorcan
38%
NXT Takeover: Wargames 2017 Rezar
38%
NXT Takeover: Wargames 2019 Shayna Baszler
38%
NXT Takeover: Wargames 2019 Tegan Nox
38%
NXT Takeover: Wargames 2021 Cora Jade
31%
NXT Takeover: Wargames 2020 Danny Burch
31%
NXT Takeover: Wargames 2021 LA Knight
31%
NXT Takeover: Wargames 2021 Tony D'Angelo
31%
NXT Takeover: Wargames 2020 Toni Storm
19%
No matching quizzes found
Score Distribution
Percent of People with Each Score
Percentile by Number Answered
Your Score History
You have not taken this quiz